All I really need to know I learned in kindergarten: (Record no. 15075)
[ view plain ]
| 000 -LEADER | |
|---|---|
| fixed length control field | 01301cim a2200373 a 4500 |
| 001 - CONTROL NUMBER | |
| control field | 5620826 |
| 003 - CONTROL NUMBER IDENTIFIER | |
| control field | OSt |
| 005 - DATE AND TIME OF LATEST TRANSACTION | |
| control field | 20140310182648.0 |
| 007 - PHYSICAL DESCRIPTION FIXED FIELD--GENERAL INFORMATION | |
| fixed length control field | ssulunjlcnnnu |
| 008 - FIXED-LENGTH DATA ELEMENTS--GENERAL INFORMATION | |
| fixed length control field | 900921s1988 paunnn l eng |
| 010 ## - LIBRARY OF CONGRESS CONTROL NUMBER | |
| LC control number | 90740390 |
| 020 ## - INTERNATIONAL STANDARD BOOK NUMBER | |
| International Standard Book Number | 9780345466396 |
| 028 02 - PUBLISHER NUMBER | |
| Publisher number | RH/SE 66 |
| Source | Sound Editions |
| 040 ## - CATALOGING SOURCE | |
| Original cataloging agency | DLC |
| Transcribing agency | DLC |
| Modifying agency | DLC |
| 050 10 - LIBRARY OF CONGRESS CALL NUMBER | |
| Classification number | BD 431 |
| Item number | .F963 2003 |
| 082 ## - DEWEY DECIMAL CLASSIFICATION NUMBER | |
| Item number | F95 2003 |
| Classification number | M128.2 |
| 100 1# - MAIN ENTRY--PERSONAL NAME | |
| Personal name | Fulghum, Robert. |
| 245 10 - TITLE STATEMENT | |
| Title | All I really need to know I learned in kindergarten: |
| Medium | Reconsidered, Revised and Expanded Twenty-Five New Essays/ |
| Statement of responsibility, etc | Robert Fulghum. |
| 260 ## - PUBLICATION, DISTRIBUTION, ETC. (IMPRINT) | |
| Place of publication, distribution, etc | New York : |
| Name of publisher, distributor, etc | The Random House Publishing Group, |
| Date of publication, distribution, etc | c 1986, 1988, 2003 |
| 300 ## - PHYSICAL DESCRIPTION | |
| Extent | 219 p: |
| Dimensions | 21 cm. |
| 306 ## - PLAYING TIME | |
| Playing time | 010000 |
| 500 ## - GENERAL NOTE | |
| General note | Essays and stories from the book read by the author. |
| 500 ## - GENERAL NOTE | |
| General note | Container has subtitle: Uncommon thoughts on common things. |
| 500 ## - GENERAL NOTE | |
| General note | In container (18 cm.) |
| 521 ## - TARGET AUDIENCE NOTE | |
| Target audience note | |
| 526 ## - STUDY PROGRAM INFORMATION NOTE | |
| Reading level | 1210L to 1700L |
| 541 ## - IMMEDIATE SOURCE OF ACQUISITION NOTE | |
| -- | 1 |
| 562 ## - COPY AND VERSION IDENTIFICATION NOTE | |
| Number of copies | 1 |
| 650 #0 - SUBJECT ADDED ENTRY--TOPICAL TERM | |
| Topical term or geographic name as entry element | Life. |
| 856 42 - ELECTRONIC LOCATION AND ACCESS | |
| Materials specified | Publisher description |
| Uniform Resource Identifier | <a href="http://www.loc.gov/catdir/description/random041/90740390.html">http://www.loc.gov/catdir/description/random041/90740390.html</a> |
| 856 41 - ELECTRONIC LOCATION AND ACCESS | |
| Materials specified | Sample text |
| Uniform Resource Identifier | <a href="http://www.loc.gov/catdir/enhancements/fy0703/90740390-s.html">http://www.loc.gov/catdir/enhancements/fy0703/90740390-s.html</a> |
| 906 ## - LOCAL DATA ELEMENT F, LDF (RLIN) | |
| a | 7 |
| b | cbc |
| c | orignew |
| d | 2 |
| e | ncip |
| f | 19 |
| g | y-genmusic |
| 942 ## - ADDED ENTRY ELEMENTS (KOHA) | |
| Source of classification or shelving scheme | Library of Congress Classification |
| Koha item type | Books |
| Call number prefix | |
| Withdrawn status | Lost status | Source of classification or shelving scheme | Damaged status | Home library | Current library | Shelving location | Date acquired | Total Checkouts | Total Renewals | Full call number | Barcode | Date last seen | Date checked out | Price effective from | Koha item type |
|---|---|---|---|---|---|---|---|---|---|---|---|---|---|---|---|
| Library of Congress Classification | College Library | College Library | General Circulation Section | 05/25/2013 | 2 | 17 | BD 431 .F963 2003 | C11904 | 05/15/2018 | 11/24/2016 | 05/25/2013 | Books |